000 00864 a2200229 4500
008 240605b mp ||||| |||| 00| 0 mon d
020 _a99929-08-24-6
035 _a6172
040 _aHE0623081
_bmon
_cMN-UlNLM
_dMN-UlNLM
_erda
041 _amon
042 _a10660
084 _2NNA
_a87:774
_bН.256
100 _aНамжил Т.
245 0 _aМонгол эрхэм ёсон
264 _aУБ.
_bМонсудар хэвлэлийн газар
_c2006
300 _a39х.
336 _2rdacontent
_atext
_btxt
337 _2rdamedia
_aunmediated
_bn
338 _2rdacarrier
_avolume
_bnc
650 _a Энэхүү ном нь зохиогчийн эрхийн хуулийн дагуу хамгаалагдсан болно. их гэр гал голомт, гал голомт, бага гэр бүл, гэр бүл уламж...
942 _2NNA
_cBK
999 _c878481
_d878538